000 00626nam a2200217Ia 4500
003 OSt
005 20221005022550.0
006 a|||||r|||| 00| 0
007 ta
008 221004b |||||||| |||| 00| 0 eng d
024 _a90458
037 _cTextual
040 _aCRL
_cCRL
_beng
041 _2eng
_aeng
082 _aT4:3(C)p73'N58, J9
245 0 _aProceedings of the wesleyan university conference on lecture demonstrations
260 _aAmeican
_bAmerican Association of Physics Teachers
_c1959
650 _aEDUCATION
942 _hT4:3(C)p73'N58, J9
_cTEXL
_2cc
999 _c929627
_d929627